McGraw-Hill dictionary of chemistry.

Guardado en:
Detalles Bibliográficos
Formato: Libro
Lenguaje:English
Publicado: New York : McGraw-Hill, 1997.
Materias:
Etiquetas: Agregar Etiqueta
Sin Etiquetas, Sea el primero en etiquetar este registro!
Thư viện lưu trữ: Mạng thư viện Đại học Đà Nẵng
LEADER 00753cam a2200313 i 4500
001 000045952
003 5173
005 20030214111332.0
008 010220|1997 vm 000 eng
020 |a 007114918X 
040 |a IRC  |c IRC  |d IRC 
041 0 |a eng 
082 1 4 |a 540.3  |b Mc-D 
245 0 0 |a McGraw-Hill dictionary of chemistry. 
260 |a New York :  |b McGraw-Hill,  |c 1997. 
300 |a x, 454p. 
630 0 4 |a Chemistry. 
630 0 4 |a McGraw-Hill dictionary. 
650 0 4 |a Chemistry  |v Dictionaries. 
OWN |a DUT 
999 |a From the UDN01 
TYP |a Monograph 
TYP |a Printed language 
980 |a Mạng thư viện Đại học Đà Nẵng